| 000 | 00783nam a22002057a 4500 | ||
|---|---|---|---|
| 005 | 20230703162526.0 | ||
| 008 | 230703b ||||| |||| 00| 0 eng d | ||
| 040 | _cAL | ||
| 041 | _amal | ||
| 082 |
_223 _a920M _bPRAS |
||
| 100 |
_aPrasannan K P: പ്രസന്നൻ കെ പി _9125348 |
||
| 245 |
_aSamadhanathinte Sugandham: _bസമാധാനത്തിന്റെ സുഗന്ധം |
||
| 260 |
_aKozhikode _bVachana Books _c2018 |
||
| 300 |
_a167p. _bPB _c21x14cm. |
||
| 365 |
_2Malayalam _c170.00 _d₹ _e170.00 |
||
| 650 |
_aAuto Biography: ഓട്ടോബീയോഗ്രാഫ്യ് _9125252 |
||
| 650 |
_aMalayalam: മലയാളം _9125253 |
||
| 700 |
_aPRASANNAN (K P): പ്രസന്നൻ (കെ പി) _9125254 |
||
| 942 |
_2ddc _cDB |
||
| 999 |
_c227727 _d227727 |
||